Normal people : a novel / Sally Rooney.
"At school Connell and Marianne pretend not to know each other. He's popular and well-adjusted, star of the school football team, while she is lonely, proud, and intensely private. But when Connell comes to pick his mother up from her job at Marianne's house, a strange and indelible connection grows between the two teenagers--one they are determined to conceal. A year later, they're both studying at Trinity College in Dublin. Marianne has found her feet in a new social world while Connell hangs at the sidelines, shy and uncertain. Throughout their years at university, Marianne and Connell circle one another, straying toward other people and possibilities but always magnetically, irresistibly drawn back together. And as she veers into self-destruction and he begins to search for meaning elsewhere, each must confront how far they are willing to go to save the other"-- Amazon.com.
Record details
- ISBN: 9781984822185
- ISBN: 1984822187
- Physical Description: 287 pages ; 20 cm
- Edition: Hogarth Trade Paperback edition.
- Publisher: London ; Hogarth, 2020.
Content descriptions
| General Note: | "Originally published in hardcover in the Great Britain by Faber & Faber Limited, London, in 2018 and in the United States by Hogarth, an imprint of Random House, a division of Penguin Random House LLC, in 2019." -- Title page verso. Includes an excerpt from Conversations With Friends, a novel by Sally Rooney. |
Search for related items by subject
| Subject: | First loves > Fiction. Social classes > Fiction. Man-woman relationships > Fiction. College students > Fiction. Dublin (Ireland) > Fiction. |
| Genre: | Novels. Fiction. |
Available copies
- 1 of 1 copy available at scottsboropl.
Holds
- 0 current holds with 1 total copy.
Show Only Available Copies
| Location | Call Number / Copy Notes | Barcode | Shelving Location | Status | Due Date |
|---|---|---|---|---|---|
| scottsboropl | F Roo | 32269001188864 | Adult - Fiction | Available | - |
| LDR | 03512cam a2200661 i 4500 | ||
|---|---|---|---|
| 001 | 157982 | ||
| 003 | SBPL | ||
| 005 | 20220331154222.0 | ||
| 008 | 190920t20202018nyu 000 1 eng d | ||
| 020 | . | ‡a9781984822185 ‡q(paperback) | |
| 020 | . | ‡a1984822187 ‡q(paperback) | |
| 020 | . | ‡z9781984822192 ‡q(ebook) | |
| 035 | . | ‡a(OCoLC)1119769689 ‡z(OCoLC)1176221848 | |
| 050 | 0 | 0. | ‡aPR6118.O59 ‡bN67 2018 |
| 050 | 4. | ‡aPR6118.O59 ‡bN67 2020 | |
| 082 | 0 | 4. | ‡a823/.92 ‡223 |
| 100 | 1 | . | ‡aRooney, Sally, ‡eauthor. |
| 245 | 1 | 0. | ‡aNormal people : ‡ba novel / ‡cSally Rooney. |
| 250 | . | ‡aHogarth Trade Paperback edition. | |
| 264 | 1. | ‡aLondon ; ‡aNew York : ‡bHogarth, ‡c2020. | |
| 300 | . | ‡a287 pages ; ‡c20 cm | |
| 336 | . | ‡atext ‡btxt ‡2rdacontent | |
| 337 | . | ‡aunmediated ‡bn ‡2rdamedia | |
| 338 | . | ‡avolume ‡bnc ‡2rdacarrier | |
| 370 | . | ‡iSetting: ‡fDublin (Ireland) ‡2naf ‡4stg | |
| 500 | . | ‡a"Originally published in hardcover in the Great Britain by Faber & Faber Limited, London, in 2018 and in the United States by Hogarth, an imprint of Random House, a division of Penguin Random House LLC, in 2019." -- Title page verso. | |
| 500 | . | ‡aIncludes an excerpt from Conversations With Friends, a novel by Sally Rooney. | |
| 520 | . | ‡a"At school Connell and Marianne pretend not to know each other. He's popular and well-adjusted, star of the school football team, while she is lonely, proud, and intensely private. But when Connell comes to pick his mother up from her job at Marianne's house, a strange and indelible connection grows between the two teenagers--one they are determined to conceal. A year later, they're both studying at Trinity College in Dublin. Marianne has found her feet in a new social world while Connell hangs at the sidelines, shy and uncertain. Throughout their years at university, Marianne and Connell circle one another, straying toward other people and possibilities but always magnetically, irresistibly drawn back together. And as she veers into self-destruction and he begins to search for meaning elsewhere, each must confront how far they are willing to go to save the other"-- ‡cAmazon.com. | |
| 650 | 0. | ‡aFirst loves ‡vFiction. | |
| 650 | 0. | ‡aSocial classes ‡vFiction. | |
| 650 | 0. | ‡aMan-woman relationships ‡vFiction. | |
| 650 | 0. | ‡aCollege students ‡vFiction. | |
| 651 | 0. | ‡aDublin (Ireland) ‡vFiction. | |
| 655 | 7. | ‡aNovels. ‡2lcgft | |
| 655 | 7. | ‡aFiction. ‡2lcgft | |
| 901 | . | ‡a157982 ‡b ‡c157982 ‡tbiblio | |